Statistics for History of Ireland

Click here to take the quiz!

General Stats

  • This quiz has been taken 165 times
    (113 since last reset)
  • The average score is 6 of 15

Answer Stats

HintAnswer% Correct
CapitalDublin
97%
Patron SaintPatrick
91%
Irish name for IrelandEire
86%
Year of Easter Rising1916
76%
Longest riverShannon
61%
Potato Famine 1845-1852
49%
NicknameEmerald Isle
48%
PresidentMIchael D Higgins
34%
First presidentDouglas Hyde
26%
Year Gaa was made1884
23%
National AnthemAmhran na bhFiann
15%
Family who lived in Kilkenny CastleButler
13%
Tallest northern mountainSlieve Donard
9%
Tallest mountainCarrauntoohill
3%
Nickname for Northern IrelandThe Troubles
3%

Score Distribution

Percentile by Number Answered

Percent of People with Each Score

Your Score History

You have not taken this quiz since the last reset